[Event "Wch Seniors 65 24th"]
[Site "Katerini"]
[Date "2014.10.24"]
[Round "1"]
[White "Meizlin, Yaacov"]
[Black "Shamis, Mordehai"]
[Result "1-0"]
[WhiteElo "2105"]
[BlackElo "1824"]
[PlyCount "43"]
[EventDate "2014.10.24"]
[EventType "swiss"]
[EventRounds "11"]
[EventCountry "GRE"]
[SourceTitle "EXT 2015"]
[Source "ChessBase"]
[SourceDate "2014.11.20"]
[SourceVersion "1"]
[SourceVersionDate "2014.11.20"]
[SourceQuality "1"]

1. e4 e5 2. f4 exf4 3. Nf3 d6 4. d4 g5 5. g3 fxg3 6. Bxg5 Be7 7. Bf4 gxh2 8. Rxh2 Bg4 9. Nbd2 Bf6 10. c3 Ne7 11. Qb3 Bxf3 12. Nxf3 b6 13. Bc4 d5 14. exd5 Ng6 15. Be5 Nxe5 16. dxe5 Bg5 17. d6 0-0 18. Qc2 h6 19. Qg6+ Kh8 20. Rxh6+ Bxh6 21. Qxh6+ Kg8 22. Ng5 1-0

[Event "Wch Seniors 20th"]
[Site "Arco"]
[Date "2010.10.29"]
[Round "4"]
[White "Bjorgvik, Jan Arne"]
[Black "Shamis, Mordehai"]
[Result "1/2-1/2"]
[WhiteElo "1913"]
[BlackElo "2096"]
[PlyCount "63"]
[EventDate "2010.10.26"]
[EventType "swiss"]
[EventRounds "11"]
[EventCountry "ITA"]
[SourceTitle "EXT 2011"]
[Source "ChessBase"]
[SourceDate "2010.11.26"]
[SourceVersion "1"]
[SourceVersionDate "2010.11.26"]
[SourceQuality "1"]

1. e4 c5 2. Nf3 Nc6 3. d4 cxd4 4. Nxd4 e5 5. Nf3 Nf6 6. Nc3 Bb4 7. Bg5 Bxc3+ 8. bxc3 Qa5 9. Qd3 Nxe4 10. Bd2 Nxd2 11. Nxd2 0-0 12. Be2 f5 13. 0-0 d5 14. Nb3 Qd8 15. Rad1 Ne7 16. c4 Be6 17. Nc5 Bf7 18. cxd5 Bxd5 19. c4 Bf7 20. Qa3 Qc8 21. Nd7 Re8 22. Nxe5 Be6 23. Rd2 Nc6 24. Nf3 Qc7 25. Ng5 h6 26. Nxe6 Rxe6 27. Rfd1 Re7 28. c5 Rae8 29. Bf1 a6 30. Qb3+ Kh7 31. Qd5 Qe5 32. Qc4 1/2-1/2